[Event "Ardennes-ch 0102"]
[Site "Ardennes"]
[Date "2001.??.??"]
[Round "?"]
[White "Raulin, Alain"]
[Black "Donne, Pol"]
[Result "0-1"]
[WhiteElo "1490"]
[BlackElo "1760"]
[PlyCount "90"]
[EventDate "2001.??.??"]
[EventType "swiss"]
[EventRounds "9"]
[EventCountry "FRA"]
[SourceTitle "EXT 2008"]
[Source "ChessBase"]
[SourceDate "2007.11.25"]
[SourceVersion "1"]
[SourceVersionDate "2007.11.25"]
[SourceQuality "1"]

1. d4 d5 2. c3 Nf6 3. h3 e6 4. Nf3 c5 5. e3 Nc6 6. Be2 Bd6 7. Nbd2 Bd7 8. b3 cxd4 9. exd4 a6 10. 0-0 b5 11. Bb2 0-0 12. b4 Qe7 13. Qc2 Rfc8 14. Qd1 Re8 15. Bd3 Bc7 16. a3 Qd6 17. Re1 e5 18. dxe5 Nxe5 19. Nxe5 Rxe5 20. Rxe5 Qxe5 21. Nf1 Re8 22. Qc2 Qd6 23. Rd1 Kh8 24. Be2 Qe5 25. Bd3 Qe7 26. Ba1 h6 27. Bb2 Bb6 28. Bc1 Ne4 29. Be3 Bxe3 30. fxe3 Qg5 31. Bxe4 Rxe4 32. Qf2 Bxh3 33. Ng3 Rxe3 34. Nf1 Re7 35. Rd3 Be6 36. Qd4 f6 37. Re3 Qg6 38. Nh2 Re8 39. Nf3 Bg8 40. Nh4 Qb1+ 41. Kh2 Rxe3 42. Qxe3 Qe4 43. Qg3 Bf7 44. Nf3 Bh5 45. Nd4 Qe5 0-1